Analýza procesu obrábania koróziivzdorných ocelí

Na minha lista:
Detalhes bibliográficos
Autor principal: Duchoslav, Martin (Author)
Outros Autores: Šugár, Peter (Thesis advisor)
Formato: Manuscrito Livro
Idioma:eslovaco
Publicado em: 2018
Assuntos:
Acesso em linha:http://is.stuba.sk/zp/portal_zp.pl?podrobnosti=138584
Tags: Adicionar Tag
Sem tags, seja o primeiro a adicionar uma tag!

MARC

LEADER 00000ntm a22000003a 4500
001 stuzp68125
003 SK-STU
005 20180911123906.7
007 ta
008 150427s2015----xo-----f-mn---000-0-slo-d
040 |a STU  |b slo 
041 0 |a slo 
100 1 |a Duchoslav, Martin  |u 063000  |4 aut  |U MTF Materiálovotechnologická fakulta  |T MTF Ústav výrobných technológií  |X 71575  |U M3000  |Y 83  |7 71575 
242 0 1 |a Analysis of machining of the stainless steels  |y eng 
245 1 0 |a Analýza procesu obrábania koróziivzdorných ocelí 
260 |c 2018 
650 4 |a obrábateľnosť  |2 slo 
650 4 |a trvanlivosť  |2 slo 
650 4 |a AISI 316  |2 slo 
650 4 |a koróziivzdorné ocele  |2 slo 
650 4 |a Ishikawa diagram  |2 slo 
650 4 |a Machining  |2 eng 
650 4 |a Ishikawa diagram  |2 eng 
650 4 |a AISI 316  |2 eng 
650 4 |a corrosionresistant steels  |2 eng 
650 4 |a durability  |2 eng 
700 1 |a Šugár, Peter  |u 063600  |k Z1  |4 ths  |U MTF Ústav výrobných technológií  |T MTF Katedra obrábania a tvárnenia  |X 3552  |U M3600  |Y 841  |7 A000003552 
856 4 |u http://is.stuba.sk/zp/portal_zp.pl?podrobnosti=138584 
996 |c M* DP-13450  |l MMSKP  |s P  |a 0  |w stuzp68125_0001